000 00511ntaaa2200193 4500
003 01
005 20251027202043.0
008 0714s1973 ag 01
040 _aAR-BaBN
_bspa
_cAR-BaBN
_eaacr
_dRIC
082 _a251.0100 W85
100 _aWood, John
_919134
245 _aThe preacher's workshop
250 _a1 ed.
260 _aLondon :
_bTyndale Press,
_cc1965
300 _a64 p
500 _aPreparación para la predicación expositiva
650 _ahomilética-preparación del sermón
942 _cBK
999 _c15342
_d15342